000 00584cam a22002053a 4500
001 40709
003 PGUSA
005 20140828083917.0
008 120908s2012||||xxu|||||s|||||000 | eng d
040 _aPGUSA
_beng
042 _adc
100 1 _aPiper, John J.
245 1 0 _aFacts and Figures Concerning the Hoosac Tunnel
_h[electronic resource] /
_cJohn J. Piper
260 _bProject Gutenberg,
_c2012
506 _aPublic domain in the USA.
516 _aElectronic text
830 0 _aProject Gutenberg
_v40709
856 4 0 _uhttp://www.gutenberg.org/ebooks/40709
942 _cEB
999 _c269961
_d269961